| 000 | 01301nam a2200313 c 4500 | ||
|---|---|---|---|
| 003 | BLK | ||
| 005 | 20200602104532.0 | ||
| 008 | 180411b bul|||||r ||||||| ||bul|| | ||
| 010 | _aKNG00191177000 | ||
| 040 | _aBLK | ||
| 041 |
_aBUL _cBUL |
||
| 080 |
_aРуска литература _b821.161.1 _x-311.6 _z821.161.1-311.6 |
||
| 100 | 1 |
_aГулиа, Георгий Дмитриевич _9342865 |
|
| 700 | 1 |
_aНанова, Цвета _eпрев. от рус. _9383921 |
|
| 700 | 1 |
_aЛенков, Григор Кръстанов _eс предг. от _9365627 |
|
| 139 |
_aГулиа, Георгий _bГ 92 |
||
| 245 | 1 | 0 |
_aФараон Ехнатон _bИстор. роман _cГеоргий Гулиа; прев. от рус. Цвета Нанова; с предг. от Григор Кръстанов Ленков. |
| 257 | _aSUN | ||
| 260 |
_аСофия _bНар. култура _c1977 _fВарна : печ. Ст. Добрев - Странджата |
||
| 300 |
_a384 с. _c21 см |
||
| 380 | _aX | ||
| 500 | _aОриг. загл. Фараон Эхнатон. - 30 125 тир. | ||
| 653 | _aисторически романи | ||
| 852 | _aЦб 85250 | ||
| 856 | 4 |
_qpdf _u |
|
| 856 | 4 |
_qpdf _u |
|
| 942 |
_cKNG _n0 |
||
| 944 |
_aCR _c30.09.2016 _kПравда_Бадева |
||
| 944 |
_aED _c30.09.2016 _kПравда_Бадева |
||
| 999 |
_c182254 _d182254 |
||